Sports Quiz

Random Sports or MLB Quiz

Texas Rangers Opening Day Starting Pitchers Quiz Stats

 Plays Quiz Updated Apr 1, 2019

Score 0/59 Timer 08:00
0 Plays Today
Year Starter % Correct
1990Nolan Ryan
93.6%
1991Nolan Ryan
93.6%
1992Nolan Ryan
86.2%
2017Yu Darvish
81.1%
2018Cole Hamels
68.1%
2016Cole Hamels
63.1%
2000Kenny Rogers
61.2%
2004Kenny Rogers
56.4%
1995Kenny Rogers
56.1%
1994Kevin Brown
47.4%
2011CJ Wilson
44.6%
1984Charlie Hough
41.2%
1988Charlie Hough
41.2%
1989Charlie Hough
41.2%
2019Mike Minor
41%
1975Fergie Jenkins
40.2%
1982Charlie Hough
39%
1985Charlie Hough
39%
1987Charlie Hough
39%
1979Fergie Jenkins
37.4%
2012Colby Lewis
32.3%
2006Kevin Millwood
29.1%
2009Kevin Millwood
29.1%
1976Gaylord Perry
28.9%
2001Rick Helling
27.3%
2008Kevin Millwood
27.3%
2007Kevin Millwood
27.2%
2013Matt Harrison
25.2%
1999Rick Helling
23.6%
2002Chan Ho Park
22.5%
Year Starter % Correct
1996Ken Hill
19.6%
1997Ken Hill
19.6%
1977Bert Blyleven
17.4%
2010Scott Feldman
16.8%
2015Yovani Gallardo
15.6%
1993Craig Lefferts
14.4%
1998John Burkett
14.3%
2005Ryan Drese
13.7%
2014Tanner Scheppers
13.2%
1972Dick Bosman
12.6%
1973Dick Bosman
12.6%
1986José Guzmán
12.6%
1978Jon Matlack
12.5%
1980Jon Matlack
12.5%
1981Jon Matlack
12.5%
1970Dick Bosman
12.5%
1971Dick Bosman
12.5%
1974Jim Bibby
10.6%
2003Ismael Valdez
7.9%
1968Camilo Pascual
7.9%
1969Camilo Pascual
7.9%
1964Claude Osteen
7.3%
1983Mike Smithson
5.9%
1962Bennie Daniels
5.9%
1961Dick Donovan
5.6%
1965Phil Ortega
5.3%
1966Pete Richert
5.2%
1967Pete Richert
5.2%
1963Don Rudolph
4.3%

You're not logged in!

Compare scores with friends on all Sporcle quizzes.
OR
Log In

You Might Also Like...

Show Comments

Extras

Top Quizzes Today


Score Distribution

Your Account Isn't Verified!

In order to create a playlist on Sporcle, you need to verify the email address you used during registration. Go to your Sporcle Settings to finish the process.

Report this User

Report this user for behavior that violates our Community Guidelines.

Details: